Daylighting design : (Record no. 7785)

000 -LEADER
fixed length control field 00865cam a2200193 i 4500
003 - CONTROL NUMBER IDENTIFIER
control field OSt
005 - DATE AND TIME OF LATEST TRANSACTION
control field 20200521122515.0
008 - FIXED-LENGTH DATA ELEMENTS--GENERAL INFORMATION
fixed length control field 141118s2014 sz a b 001 0 eng
020 ## - INTERNATIONAL STANDARD BOOK NUMBER
International Standard Book Number 9783764377281 (hardcover : alk. paper)
082 00 - DEWEY DECIMAL CLASSIFICATION NUMBER
Classification number 729.28BOU
Edition number 23
100 1# - MAIN ENTRY--PERSONAL NAME
Personal name Boubekri, Mohamed,
Dates associated with a name 1959-
245 10 - TITLE STATEMENT
Title Daylighting design :
Remainder of title planning strategies and best practice solutions /
Statement of responsibility, etc Mohamed Boubekri ; with an introduction by Christian Bartenbach and Mohamed Boubekri.
300 ## - PHYSICAL DESCRIPTION
Extent 175 pages :
Other physical details illustrations ;
Dimensions 29 cm
504 ## - BIBLIOGRAPHY, ETC. NOTE
Bibliography, etc Includes bibliographical references (pages 170-173) and index.
505 0# - FORMATTED CONTENTS NOTE
Formatted contents note Economics of daylighting -- Daylighting and health -- Daylighting metrics -- Daylighting performance of side-wall windows -- Strategies and systems performance -- Case studies.
650 #0 - SUBJECT ADDED ENTRY--TOPICAL TERM
Topical term or geographic name as entry element Daylighting.
650 #0 - SUBJECT ADDED ENTRY--TOPICAL TERM
Topical term or geographic name as entry element Light in architecture.
942 ## - ADDED ENTRY ELEMENTS (KOHA)
Source of classification or shelving scheme
Holdings
Withdrawn status Lost status Source of classification or shelving scheme Damaged status Koha normalized classification for sorting Not for loan Permanent location Current location Date acquired Total Checkouts Full call number Barcode Date last seen Date last borrowed Price effective from Koha item type
        729_000000000000000_28BOU   BMS College of Architecture, Design and Planning BMS College of Architecture, Design and Planning 2020-05-21 3 729.28BOU AR-UG1422 2022-12-19 2022-12-01 2020-05-21 UG Books
Copyright © 2025, The Librarian, Library and Information Centre, BMSCA D&P, Bengaluru. All Rights Reserved
web counter

Powered by Koha